Kpop Stan Quiz(Mid./Semi-Stan Ver.) - Statistics

General Stats
  • This quiz has been taken 550 times
  • The average score is 19 of 27
Answer Stats
Question Answer % Correct
Which stray kids members are proud Aussies that regularly show off their accent? Bangchan and Felix
94%
Which mamamoo member was heavily critisized for her weight and tanned skin, resulting in the release of her solo single "I Love My Body" that silenced haters? Hwasa
94%
Which Enhypen member is from Japan and upholds many Japanese morals? Ni-ki
91%
Which twice member had to apologize for raising her own countries flag? Tzuyu
91%
Which itzy member is rumored to be the sister of Hyunjin from Stray Kids? Yeji
89%
Which Txt member has a sibling in the group Kep1er? Kai
87%
Which itzy member was heavily shamed for being "ugly" so badly that she stated, "please don't say I'm ugly, my mother will worry,"? Chaeryeong
85%
Which nmixx member is known most for her vocals and high notes, especially during Dice era? Lily
85%
Which twice members left for hiatus due to anxiety? Jeongyeong and Mina
82%
Which Enhypen member is shipped frequently with Wonyoung of Ive? Sunghoon
79%
Which LE SSERAFIM member is bashed the most for her bad live vocals? Sakura
78%
Which idol from aespa was critisized for her weight and was bashed for saying the n word when she was younger and a trainee? Giselle
77%
Which LE SSERAFIM member was involved in a scandal for drinking Starbucks? Yunjin
77%
Which Txt member is known for his iconic line during a live "Bye guys, hi ladies, mwah,"? Soobin
75%
Which New Jeans member was least biased and youngest in the group? Hyein
72%
Which aespa member was shamed for being too skinny and for lacking facial expressions? Winter
72%
Which momoland member was heavily s3xualized by being forced to wear short skirts and shirts to attract male fans? Nancy
67%
Which New Jeans member was loved for her cat-like eyes? Haerin
66%
Which stray kids member received hate for his lack of facial expressions and being "useless" in dance, despite his great vocals? Seungmin
63%
Which Black pink member was praise for dating and for her deep voice? Jisoo
61%
Which nmixx member was fat-shamed during O.O era but praised during Sonar era due to her rapid weight loss and figure? Jiwoo
60%
Which mamamoo member is rumored to be from North Korea due to her absence of pre-debut photos? Solar
56%
Which (G)I-DLE member recently went on hiatus after releasing Super lady? Shuhua
49%
Which momoland member was kicked out of the group due to fake bullying accusations? Daisy
46%
Which Black pink member is rumored to have had plastic surgery lately? Rose
38%
Which Everglow member was called the "visual hole" until she got a nose job, resulting in her becoming what knetizens call the "top visual"? EU
31%
Which Everglow member broke her arm during their most recent world tour, All My Girls? Aisha
17%
No matching quizzes found
Score Distribution
Percent of People with Each Score
Percentile by Number Answered
Your Score History
You have not taken this quiz